Pociągi w Polsce nazwane po regionach - Statystyki

Ogólne statystyki
  • Ten quiz został rozwiązany 83 razy
  • Średni wynik to 3 z 10
Statystyki odpowiedzi
Rodzaj pociągu Nazwa pociągu % Poprawnych
TLK Małopolska
67%
IC Mazury
49%
IC Warmia
41%
IC Podlasie
40%
TLK Bory Tucholskie
20%
IC/EC Galicja
20%
IC/EC Moravia
19%
IC Łużyce
15%
IC Kociewie
13%
IC Żuławy
12%
Nie znaleziono quizów pasujących do podanych kryteriów
Rozkład punktacji
Procent ludzi z każdym wynikiem
Percentyl według liczby udzielonych odpowiedzi
Twoja historia wyników
Nie rozwiązałeś tego quizu